000 005220000a22001810004500
999 _c49250
_d49250
001 2102
003 CO-MdFUSB
005 20180207184636.0
008 180207b xxu||||| |||| 00| 0 eng d
040 _cCO-MdBIC
082 0 4 _a360 Eu25p
100 1 _aCristancho, Luis Fernando
245 1 0 _aLo más importante es el amor / Textos Luis Fernando Cristancho, Laura Patricia Martínez Lugo
260 _aColombia : Palabritas Ltda
300 _a32 P.
650 1 4 _aManual de educación \ Educación Sexual
942 _cLGB